000 00639nam a2200253Ia 4500
003 OSt
005 20220918230643.0
006 a|||||r|||| 00| 0
007 ta
008 220917b |||||||| |||| 00| 0 eng d
024 _a256,888
037 _cTextual
040 _aARTS
_cARTS
_beng
041 _2eng
_aeng
082 _aNv, E7
100 _aLubke Wilhelm
_9152993
245 0 _aOutlines of the history of art
260 _aNew York
_bTudor Publishing Co. U.S.A
_c1937
300 _a557p
_ccm.
490 _vVol. 1
650 _aARTS
942 _hNv, E7
_cTEXL
_2CC
999 _c288588
_d288588